000 00436nam a22001337a 4500
005 20250829155444.0
020 _a9789383968398
082 _a323.44 HAS/W
100 _a Hasan , Zoya and Jha, Avishek
_91008
245 _aWhen people rise in protest:
_bmobilizing for equal citizenship in India/
_cby Zoya Hasan and Avishek Jha
260 _a. -Haryana
_b: Three estate collectives
_c, 2024
300 _avii+228 pages
942 _2ddc
_cBK
999 _c751153
_d751153